Online
Catalog

En los orígenes de la revolución permanente : (Record no. 24667)

MARC details
000 -CABECERA
campo de control de longitud fija 01228nam a2200289 a 4500
001 - NÚMERO DE CONTROL
campo de control 000025174
005 - FECHA Y HORA DE LA ÚLTIMA TRANSACCIÓN
campo de control 20200930023616.0
008 - DATOS DE LONGITUD FIJA--INFORMACIÓN GENERAL
campo de control de longitud fija 110208s1976 mx r 000 |aspa d
020 ## - NÚMERO INTERNACIONAL ESTÁNDAR DEL LIBRO
Número Internacional Estándar del Libro 9508850086
040 ## - FUENTE DE LA CATALOGACIÓN
Centro catalogador/agencia de origen DO-SdBNP
Lengua de catalogación spa
Centro/agencia transcriptor BNPHU
041 ## - CÓDIGO DE LENGUA
Código de lengua del texto/banda sonora o título independiente fre
Código de lengua original spa
Fuente del código Código de idioma MARC
082 ## - NÚMERO DE LA CLASIFICACIÓN DECIMAL DEWEY
Número de clasificación xxx
Número de documento/Ítem T858B
049 ## - FONDOS LOCALES (OCLC)
Fondos de biblioteca BNGR
100 1# - ENTRADA PRINCIPAL--NOMBRE DE PERSONA
Nombre de persona Brossat, Alain
9 (RLIN) 51644
240 #0 - TÍTULO UNIFORME
Título uniforme Aux origines de la révolution permanente la pensée politique du jeune Trotsky.
Lenguaje de la obra Español
245 10 - MENCIÓN DE TÍTULO
Título En los orígenes de la revolución permanente :
Resto del título el pensamiento político del joven Trotski /
Mención de responsabilidad, etc. Alain Brossat ; traducción Dolores Sacristán y José Manuel López.
260 ## - PUBLICACIÓN, DISTRIBUCIÓN, ETC.
Lugar de publicación, distribución, etc. México, D. F. :
Nombre del editor, distribuidor, etc. Siglo Veintiuno,
Fecha de publicación, distribución, etc. 1976.
300 ## - DESCRIPCIÓN FÍSICA
Extensión vi., 280 p. ;
Dimensiones 21 cm.
490 ## - MENCIÓN DE SERIE
Mención de serie Biblioteca del Pensamiento Socialista
504 ## - NOTA DE BIBLIOGRAFÍA, ETC.
Nota de bibliografía, etc. Bibliografía : p. 277-280
500 ## - NOTA GENERAL
Nota general Incluye notas y referencia bibliográfica al pie de páginas
534 ## - NOTA SOBRE LA VERSIÓN ORIGINAL
Encabezamiento principal del original Título original :
Mención de título del original Aux origines de la révolution permanente la pensée politique du jeune Trotsky.
700 1# - PUNTO DE ACCESO ADICIONAL--NOMBRE DE PERSONA
Nombre de persona Sacristán, Dolores
Término indicativo de función/relación tr.
9 (RLIN) 51645
700 1# - PUNTO DE ACCESO ADICIONAL--NOMBRE DE PERSONA
Nombre de persona Trotsky, Leon
9 (RLIN) 48783
700 1# - PUNTO DE ACCESO ADICIONAL--NOMBRE DE PERSONA
Nombre de persona López, José Manuel
Término indicativo de función/relación tr.
9 (RLIN) 51646
830 #0 - PUNTO DE ACCESO ADICIONAL DE SERIE-TÍTULO UNIFORME
Título uniforme Biblioteca del Pensamiento Socialista
9 (RLIN) 51647
Holdings
Estado de retiro Estado de pérdida Restricciones de uso No para préstamo Código de colección Localización permanente Ubicación/localización actual Ubicación en estantería Fecha de adquisición Número de inventario Total de préstamos Signatura topográfica completa Código de barras Fecha visto por última vez Precio válido a partir de Tipo de ítem Koha
      Excluido de préstamo Monografías: Libros y Folletos General General En catalogación 10.02.2011 LF1   xxx T858B 25174-10 25.06.2020 25.06.2020 No se presta

Powered by Koha